Daily Country Riddle #25 - Statistics

General Stats
  • This quiz has been taken 395 times
  • The average score is 10 of 13
Answer Stats
Type Answer % Correct
Found Letter A
99%
Found Letter N
97%
Correctly Placed Letter A
89%
Found Letter O
88%
Found Letter A
86%
Found Letter L
84%
Found Letter G
74%
Correctly Placed Letter L
66%
Correctly Placed Letter A
64%
Correctly Placed Letter G
64%
Correctly Placed Letter N
64%
Correctly Placed Letter O
64%
Mystery Country Angola
63%
No matching quizzes found
Score Distribution
Percent of People with Each Score
Percentile by Number Answered
Your Score History
You have not taken this quiz